| Tag |
First Indicator |
Second Indicator |
Subfields |
| LEADER |
00000cam a2200000 a 4500 |
| 001 |
in00000077062 |
| 005 |
20151008060519.0 |
| 008 |
711022s1971 nyuaf b 00010 engm |
| 010 |
|
|
|a 74142195
|
| 020 |
|
|
|a 0385000227
|c $15.95
|
| 035 |
|
|
|a (OCoLC)00199509
|
| 035 |
|
|
|9 AAJ5922AM
|
| 040 |
|
|
|a DLC
|c DLC
|d TXA
|d UtOrBLW
|
| 049 |
|
|
|a TXAM [Also in] [Sp Coll]
|c 1 [1023557]
|a TXAS
|c 2 [1701734]
|
| 050 |
0 |
0 |
|a SF291
|b G46 1971b
|
| 082 |
0 |
|
|a 636.1
|
| 100 |
1 |
|
|a Glyn, Richard Hamilton,
|c Sir,
|d 1907-
|
| 245 |
1 |
4 |
|a The world's finest horses and ponies /
|c edited by Sir Richard Glyn, bart. ; photographs by Sally Anne Thompson.
|
| 264 |
|
1 |
|a Garden City, N.Y. :
|b Doubleday,
|c 1971.
|
| 300 |
|
|
|a 128 pages, 128 pages of plates :
|b illustrations (some color) ;
|c 30 cm.
|
| 336 |
|
|
|a text
|b txt
|2 rdacontent
|
| 337 |
|
|
|a unmediated
|b n
|2 rdamedia
|
| 338 |
|
|
|a volume
|b nc
|2 rdacarrier
|
| 504 |
|
|
|a Includes bibliographical references.
|
| 650 |
|
0 |
|a Horse breeds.
|
| 650 |
|
0 |
|a Ponies.
|
| 700 |
1 |
|
|a Thompson, Sally Anne.
|
| 999 |
|
|
|a MARS
|
| 999 |
f |
f |
|s d49f7fca-8277-31d9-bd02-2e0f891b4d60
|i 802b5095-3b4f-379c-8763-3e40ade18558
|t 0
|
| 952 |
f |
f |
|p ric
|a Texas A&M University
|b Rellis Campus
|c Joint Library Facility
|d Remote Storage
|t 0
|e SF291 G46 1971b
|h Library of Congress classification
|i unmediated -- volume
|m A14805236506
|
| 952 |
f |
f |
|p noncirc
|a Texas A&M University
|b College Station
|c Cushing Memorial Library & Archives
|d Cushing: Dykes (Does not check out)
|t 0
|e SF291 G46 1971b
|h Library of Congress classification
|i unmediated -- volume
|m A14851931353
|
| 998 |
f |
f |
|a SF291 G46 1971b
|t 0
|l Cushing: Dykes (Does not check out)
|
| 998 |
f |
f |
|a SF291 G46 1971b
|t 0
|l Remote Storage
|